Statistiques concernant 20 premiers pays à manger le moins de viande

Cliquez ici pour prendre le quiz!

Statistiques générales

  • Ce quiz a été pris 325 fois
  • Le résultat moyen est 7 sur 20

Statistiques - réponses

Kg/Pers.Pays% Correct
4.4Inde
82%
9.9Nepal
54%
4Bangladesh
51%
3Bhoutan
48%
8.5Ethiopie
43%
11.6Indonesie
40%
6.3Sri Lanka
39%
6.5Rwanda
35%
5.2Burundi
33%
8.8Nigeria
31%
11Ouganda
31%
7.7Erythree
30%
8.3Malawi
28%
9.6Tanzanie
28%
11.7Togo
28%
8.6Guinée
27%
8.1Gambie
26%
7.3Sierra Leone
23%
10.4Liberia
22%
7.8Mozambique
22%

Distribution des résultats

Percentile par nombre de réponses

% des personnes avec chaque résultat

Votre développement - résultats

Vous n’avez pas pris ce quiz